Útek na vidiek

Saved in:
Bibliographic Details
Main Author Caplin, Julie
Format Electronic eBook
LanguageCzech
Published Cosmopolis SK 2024
Edition1. elektronické vydání
Subjects
Online AccessDostupné v BOOKPORT po přihlášení pomocí eduID
ISBN978-80-8090-692-4
978-80-8090-690-0
Physical Description1 online zdroj (368 stran)

Cover

LEADER 00000nam a2200000 i 4500
001 bkp100258
003 CZ-prgp
005 20240227084414.0
006 m o d
007 cr cn
008 240227s2024 xr o 000 1 cze
020 |a 978-80-8090-692-4  |c 414 Kč  |q (online ; epub) 
020 |a 978-80-8090-690-0  |c 487 Kč  |q (print) 
040 |a Grada  |b cze  |e rda 
100 1 |a Caplin, Julie 
245 1 0 |a Útek na vidiek  |c Julie Caplin 
250 |a 1. elektronické vydání 
264 1 |b Cosmopolis SK  |c 2024 
300 |a 1 online zdroj (368 stran) 
336 |a text  |b txt  |2 rdacontent 
337 |a počítač  |b c  |2 rdamedia 
338 |a online zdroj  |b cr  |2 rdacarrier 
520 3 |a Uprostred zakvitnutých lúk a zelených pahorkov sa odohráva ďalší romantický príbeh od obľúbenej Julie Caplinovej. Ilustrátorka Ella sa v ňom vydáva z Londýna na vidiek, aby si utriedila myšlienky. Život jej však komplikuje fenka Tess, o ktorú by sa mala postarať, aj mrzutý veterinár, ktorý nakoniec možno nie je taký príšerný, ako sa pôvodne zdalo. 
650 0 4 |a Milostné romány 
856 4 0 |u https://www.bookport.cz/AccountSaml/SignIn/?idp=https://shibboleth.utb.cz/idp/shibboleth&returnUrl=/kniha/utek-na-vidiek-12430/  |y Dostupné v BOOKPORT po přihlášení pomocí eduID